00447nam a2200133Ia 4500008004100000041000800041082001600049100001900065245011200084260004500196300001700241365001000258520004500268240719s9999 xx 000 0 und d aeng a: 658.3 BAI aBainter Jack J aIdentifying Placing And Evaluating Employees Successful Human Resource Management Using The Position Matrix aUSAbIrwin Professional Publishingc1994 a213.;P 20 Cm b13.95 aGifted By : IMT Faculty Dr.senthil kumar